Perfil ideológico de los partidos políticos en El Salvador: campaña electoral para la elección de constituyentes 28 de marzo 1982

Define la ideología de los partidos políticos que participaron en la campaña electoral para la elección de asamblea constituyente (enero a marzo de 1982) en el Salvador - Determina, además, la forma como surgen dichos partidos, las alianzas que han efectuado algunos de sus postulados y su participac...

Volledige beschrijving

Bewaard in:
Bibliografische gegevens
Coauteur: Centro de Estudios Sociales
Formaat: Texto
Gepubliceerd in: Santa Ana: CES
Tags: Voeg label toe
Geen labels, Wees de eerste die dit record labelt!

MARC

LEADER 00000 a a2200000 04500
001 20652
003
040
090 |a 087400  
110 |a Centro de Estudios Sociales  
245 |a Perfil ideológico de los partidos políticos en El Salvador: campaña electoral para la elección de constituyentes 28 de marzo 1982  
260 |a Santa Ana:   |b CES  
300 |a 11 p.  
520 |a Define la ideología de los partidos políticos que participaron en la campaña electoral para la elección de asamblea constituyente (enero a marzo de 1982) en el Salvador - Determina, además, la forma como surgen dichos partidos, las alianzas que han efectuado algunos de sus postulados y su participación electoral. Se refiere a los partidos Ación Renovadora (PAR), Demócrata Cristiano, Conciliación Nacional (PCN), Popular salvadoreño (PPS), Acción Democrática, Partido de Orientación Popular (POP) y Partido de Empresarios, Campesinos y Obreros (PECP ó ECO). Hace referencia a los partidos que no se presentaron a las elecciones  
999 |c 5814  |d 5814